[Event "Deizisau Autumn op 15th"]
[Site "Deizisau"]
[Date "2021.10.29"]
[Round "1"]
[White "Koellner, Christof"]
[Black "Vojdani, Bahram"]
[Result "1-0"]
[WhiteElo "2153"]
[BlackElo "1847"]
[PlyCount "65"]
[EventDate "2021.10.29"]
[EventType "swiss"]
[EventRounds "7"]
[EventCountry "GER"]
[SourceTitle "CBM 204 Extra"]
[Source "ChessBase"]
[SourceDate "2021.11.30"]
[SourceVersion "1"]
[SourceVersionDate "2021.11.30"]
[SourceQuality "1"]

1. d4 Nf6 2. Bg5 e6 3. Nd2 d5 4. e3 Nbd7 5. Bd3 c5 6. c3 Be7 7. f4 Qb6 8. Rb1 0-0 9. Ngf3 Re8 10. Ne5 Nf8 11. 0-0 Bd7 12. Rf3 Bc6 13. Bxf6 Bxf6 14. Rh3 Bxe5 15. fxe5 g6 16. Qg4 Bb5 17. Qe2 Bxd3 18. Qxd3 Qa6 19. Qxa6 bxa6 20. dxc5 Nd7 21. b4 Nxe5 22. Rh4 Rab8 23. Rb3 Rec8 24. Ra3 Rc6 25. Rd4 Rb5 26. e4 dxe4 27. Nxe4 Kg7 28. Rd6 h5 29. Ra4 Rc7 30. Rdxa6 Nc6 31. Nd6 Rb8 32. b5 Nd8 33. Ne8+ 1-0

[Event "Dortmund Sparkassen op-B 47th"]
[Site "Dortmund"]
[Date "2019.07.15"]
[Round "3"]
[White "Vojdani, Bahram"]
[Black "Kaluza, Lucas"]
[Result "0-1"]
[WhiteElo "1576"]
[BlackElo "1367"]
[PlyCount "86"]
[EventDate "2019.07.13"]
[EventType "swiss"]
[EventRounds "9"]
[EventCountry "GER"]
[SourceTitle "CBM 192 Extra"]
[Source "Chessbase"]
[SourceDate "2019.11.06"]
[SourceVersion "1"]
[SourceVersionDate "2019.11.06"]
[SourceQuality "1"]

1. e4 e5 2. Nf3 Nc6 3. Bc4 Bc5 4. c3 Nf6 5. d4 exd4 6. cxd4 Bb4+ 7. Nc3 Nxe4 8. 0-0 Bxc3 9. d5 Na5 10. bxc3 Nxc4 11. Re1 Ncd6 12. Ng5 0-0 13. Nxe4 Nxe4 14. Rxe4 Re8 15. Rf4 Qe7 16. Be3 d6 17. Qh5 c5 18. h3 b5 19. Rh4 Bf5 20. Rf4 Bg6 21. Qe2 Qe5 22. Qd2 a5 23. Rc1 Be4 24. Rg4 Qxd5 25. Qb2 Rab8 26. Bf4 Bg6 27. Rg3 b4 28. c4 Qe6 29. Qd2 Rbd8 30. Re3 Qd7 31. Rxe8+ Qxe8 32. Bxd6 Qc6 33. Rd1 h6 34. Qf4 Be4 35. f3 Bb1 36. Rd2 Bxa2 37. Qh4 Rxd6 38. Rxa2 Qa6 39. Qe4 Rd1+ 40. Kf2 Rd8 41. Qe7 Qb6 42. Qe5 b3 43. Qb2 Qb4 0-1

[Event "Dortmund Sparkassen op-B 44th"]
[Site "Dortmund"]
[Date "2016.07.14"]
[Round "6"]
[White "Vojdani, Bahram"]
[Black "Bashylina, Luisa"]
[Result "1-0"]
[WhiteElo "1661"]
[BlackElo "1548"]
[PlyCount "167"]
[EventDate "2016.07.09"]
[EventType "swiss"]
[EventRounds "9"]
[EventCountry "GER"]
[SourceTitle "CBM 173 Extra"]
[Source "ChessBase"]
[SourceDate "2016.08.29"]
[SourceVersion "1"]
[SourceVersionDate "2016.08.29"]
[SourceQuality "1"]

1. e4 c5 2. Nc3 e6 3. Nge2 a6 4. g3 b5 5. Bg2 Bb7 6. d3 Qc7 7. 0-0 Nc6 8. b3 Rc8 9. Bb2 Nf6 10. Nf4 Be7 11. Nce2 d6 12. Qd2 0-0 13. f3 Rfd8 14. g4 d5 15. g5 Ne8 16. Nh5 d4 17. Nhg3 Nd6 18. f4 Qa5 19. Qxa5 Nxa5 20. a4 Nc6 21. e5 Nf5 22. Nxf5 exf5 23. Ng3 g6 24. Rfe1 Re8 25. axb5 axb5 26. Bc1 Ra8 27. Bd2 Kg7 28. Ne2 Red8 29. Red1 Bf8 30. Be1 Rab8 31. Ba5 Nxa5 32. Rxa5 Bxg2 33. Kxg2 b4 34. Ra7 Kg8 35. Kf3 Re8 36. Ng3 Red8 37. Nh1 Re8 38. Nf2 Red8 39. Rda1 Re8 40. Rd7 Ra8 41. Raa7 Rxa7 42. Rxa7 Rd8 43. Ke2 Re8 44. Kd2 Rd8 45. Nd1 Re8 46. Nb2 Rd8 47. Nc4 h6 48. h4 Re8 49. Nb6 hxg5 50. hxg5 Re7 51. Ra8 Kg7 52. Kc1 Kg8 53. Rc8 Rb7 54. Nd5 Ra7 55. Kb2 Rb7 56. Nc7 Kg7 57. Ne8+ Kg8 58. Nd6 Rd7 59. Rxc5 Bxd6 60. exd6 Rxd6 61. Rc4 f6 62. gxf6 Rxf6 63. Rxd4 Rb6 64. Rd5 Kf7 65. c4 bxc3+ 66. Kxc3 Ke6 67. Re5+ Kf6 68. Re1 g5 69. fxg5+ Kxg5 70. d4 f4 71. d5 f3 72. Kc4 Kf4 73. b4 Kg3 74. Kc5 Rf6 75. Re3 Kg2 76. Rxf3 Kxf3 77. d6 Ke4 78. d7 Rf8 79. Kd6 Kd4 80. b5 Rd8 81. b6 Kc4 82. Kc6 Kb4 83. b7 Ka5 84. Kc7 1-0

[Event "Dortmund Sparkassen op-B 44th"]
[Site "Dortmund"]
[Date "2016.07.10"]
[Round "2"]
[White "Vojdani, Bahram"]
[Black "Koellner, Felicitas Ophelia"]
[Result "0-1"]
[WhiteElo "1661"]
[BlackElo "1542"]
[PlyCount "142"]
[EventDate "2016.07.09"]
[EventType "swiss"]
[EventRounds "9"]
[EventCountry "GER"]
[SourceTitle "CBM 173 Extra"]
[Source "ChessBase"]
[SourceDate "2016.08.29"]
[SourceVersion "1"]
[SourceVersionDate "2016.08.29"]
[SourceQuality "1"]

1. e4 d6 2. d4 Nf6 3. Bd3 e5 4. d5 g6 5. c4 Bg7 6. Nf3 Nbd7 7. Nc3 0-0 8. 0-0 Nc5 9. Bc2 a5 10. Nd2 Nh5 11. Nb3 Nxb3 12. axb3 Bd7 13. Bd2 Nf6 14. Ne2 b6 15. f3 Ne8 16. b4 axb4 17. Bxb4 Nf6 18. Ba4 Bxa4 19. Rxa4 Nd7 20. Qa1 Nc5 21. Bxc5 bxc5 22. Qa3 Qb8 23. Rxa8 Qxa8 24. Ra1 Qb7 25. Nc3 Rb8 26. Nb5 Bf8 27. Qa6 h5 28. Ra2 Qc8 29. Qxc8 Rxc8 30. Ra6 Be7 31. Ra7 Bd8 32. Kf2 Kf8 33. g3 Ke8 34. f4 exf4 35. gxf4 f6 36. Ke3 g5 37. h3 Kd7 38. Ra1 Be7 39. Rg1 Ra8 40. Na3 Rb8 41. Rg2 Rb3+ 42. Kf2 Rxb2+ 43. Kg1 Rb3 44. Nb5 Rxh3 45. fxg5 fxg5 46. Re2 Rh4 47. Kg2 Rf4 48. Re3 Bf6 49. Na7 h4 50. Nc6 g4 51. Na5 Bd4 52. Re2 g3 53. Nb3 Rf2+ 54. Rxf2 gxf2 55. Nd2 Ke7 56. Kh3 Kf6 57. Kg4 Ke5 58. Kf3 h3 59. Nf1 Bc3 60. Kxf2 Kxe4 61. Ng3+ Kd4 62. Kf3 Kxc4 63. Ke4 Be5 64. Nh1 Kc3 65. Nf2 c4 66. Nxh3 Kd2 67. Ng1 c3 68. Nf3+ Kd1 69. Kd3 c2 70. Nxe5 dxe5 71. d6 cxd6 0-1

[Event "Rostock SSC op 14th"]
[Site "Rostock"]
[Date "2015.07.29"]
[Round "2.21"]
[White "Vojdani, Bahram"]
[Black "Ebeling, Christoph"]
[Result "1/2-1/2"]
[WhiteElo "1684"]
[BlackElo "1257"]
[PlyCount "134"]
[EventDate "2015.07.29"]
[EventType "swiss"]
[EventRounds "7"]
[EventCountry "GER"]
[SourceTitle "EXT 2019"]
[Source "ChessBase"]
[SourceDate "2018.10.10"]
[SourceVersion "1"]
[SourceVersionDate "2018.10.10"]
[SourceQuality "1"]

1. e4 c5 2. Nc3 Nc6 3. Nge2 Nf6 4. d4 cxd4 5. Nxd4 Nxd4 6. Qxd4 e6 7. Bg5 Be7 8. Be2 h6 9. Bh4 b6 10. 0-0-0 Bb7 11. f3 Rc8 12. Nb5 d5 13. e5 g5 14. Bg3 Nh5 15. Kb1 a6 16. Nd6+ Bxd6 17. exd6 Rg8 18. d7+ Kxd7 19. c4 Nxg3 20. hxg3 Rh8 21. cxd5 Bxd5 22. Bxa6 Ke7 23. Bxc8 Qxc8 24. Rhe1 Rd8 25. Qb4+ Qc5 26. Qxc5+ bxc5 27. Rc1 Kd6 28. Rc3 Ra8 29. a3 h5 30. Rh1 Rh8 31. Kc1 Bc6 32. Rd1+ Bd5 33. Rh1 Bc6 34. Re3 Bd5 35. Rh2 Ke7 36. Re1 Kf6 37. Reh1 Kg6 38. Re1 Ra8 39. Reh1 Rh8 40. Re1 Rb8 41. Re3 f6 42. Rh1 Rb6 43. Rd1 Kf7 44. Rd2 Kg7 45. f4 f5 46. Rde2 Kf6 47. Rc2 c4 48. Ree2 Ra6 49. Rc3 h4 50. Rd2 Ra7 51. Rcc2 Ra4 52. Rd4 Kg6 53. Kd1 Kf6 54. Ke1 Kg6 55. Kf2 Kf6 56. Rc3 Kg6 57. Rd2 Kf6 58. Re2 g4 59. Re5 Ra6 60. Rc2 Rc6 61. Ke3 Ke7 62. Kd4 Kd6 63. Ke3 Ke7 64. Kd4 Kd6 65. Rd2 Rc7 66. Ke3 c3 67. bxc3 Rxc3+ 1/2-1/2

[Event "Dortmund Sparkassen op-B"]
[Site "Dortmund"]
[Date "2013.07.30"]
[Round "4"]
[White "Van Klev, Fabian"]
[Black "Vojdani, Bahram"]
[Result "1/2-1/2"]
[WhiteElo "1774"]
[BlackElo "1673"]
[PlyCount "45"]
[EventDate "2013.07.27"]
[EventType "swiss"]
[EventRounds "9"]
[EventCountry "GER"]
[SourceTitle "EXT 2022"]
[Source "ChessBase"]
[SourceDate "2021.10.06"]
[SourceVersion "1"]
[SourceVersionDate "2021.10.06"]
[SourceQuality "1"]

1. Nf3 Nf6 2. d4 e6 3. c4 d5 4. Nc3 c6 5. Bg5 Be7 6. e3 h6 7. Bh4 Nbd7 8. Qc2 0-0 9. Rd1 a6 10. Bd3 dxc4 11. Bxc4 b5 12. Bd3 Bb7 13. a3 Nh5 14. Bxe7 Qxe7 15. Ne4 Nhf6 16. 0-0 Nxe4 17. Bxe4 f5 18. Bd3 Rac8 19. b4 a5 20. Qb3 axb4 21. axb4 Ra8 22. Ra1 Kh8 23. h3 1/2-1/2

[Event "Dortmund Sparkassen op-B"]
[Site "Dortmund"]
[Date "2011.07.30"]
[Round "8"]
[White "Vojdani, Bahram"]
[Black "Fistoul, Boris"]
[Result "1-0"]
[WhiteElo "1634"]
[BlackElo "1573"]
[PlyCount "93"]
[EventDate "2011.07.23"]
[EventType "swiss"]
[EventRounds "9"]
[EventCountry "GER"]
[SourceTitle "EXT 2013"]
[Source "ChessBase"]
[SourceDate "2012.11.22"]
[SourceVersion "1"]
[SourceVersionDate "2012.11.22"]
[SourceQuality "1"]

1. Nf3 d5 2. g3 e6 3. Bg2 f5 4. d4 Nf6 5. 0-0 Be7 6. c4 c6 7. Qc2 0-0 8. b3 Ne4 9. Nc3 Nd7 10. e3 Qe8 11. Bb2 Qh5 12. Ne2 g5 13. a4 Rf6 14. Ne5 Rh6 15. h3 Nf8 16. f3 Nf6 17. g4 fxg4 18. fxg4 Qe8 19. Nc3 N8d7 20. Nf3 Qg6 21. Qxg6+ Rxg6 22. a5 Bd6 23. Ba3 Bc7 24. Be7 h6 25. Nd2 Kf7 26. Bb4 e5 27. cxd5 exd4 28. exd4 Bf4 29. Nc4 cxd5 30. Nxd5 Nxd5 31. Bxd5+ Kg7 32. Rae1 Rb8 33. Re7+ Kh8 34. Re8+ Kg7 35. Re7+ Kh8 36. Be4 Rg7 37. Re8+ Rg8 38. Rxg8+ Kxg8 39. Bd5+ Kg7 40. Re1 Nf6 41. Re7+ Kh8 42. Bf7 Bd7 43. Bd6 Bxd6 44. Nxd6 b6 45. Bc4 Rf8 46. Nf7+ Kg7 47. Ne5+ 1-0

[Event "Dortmund4"]
[Site "Dortmund"]
[Date "2003.05.09"]
[Round "8"]
[White "Schneider, Peter"]
[Black "Vojdani, Bahram"]
[Result "0-1"]
[WhiteElo "1722"]
[BlackElo "1617"]
[PlyCount "104"]
[EventDate "2003.03.28"]
[EventType "tourn"]
[EventRounds "11"]
[EventCountry "GER"]
[SourceTitle "EXT 2007"]
[Source "ChessBase"]
[SourceDate "2006.11.23"]
[SourceVersion "1"]
[SourceVersionDate "2006.11.23"]
[SourceQuality "1"]

1. e4 e5 2. f4 Bc5 3. Nf3 Nf6 4. Nc3 d6 5. Bc4 Nc6 6. d3 0-0 7. Na4 Bb6 8. Nxb6 axb6 9. fxe5 dxe5 10. Bg5 Qd6 11. 0-0 Ne8 12. Nh4 Be6 13. Nf5 Qd7 14. Qg4 Kh8 15. Rf3 f6 16. Bxe6 Qxe6 17. Be3 Rd8 18. Rh3 Qf7 19. Qh4 g6 20. Nh6 Qg7 21. Rf1 Ne7 22. Ng4 Rf7 23. Bh6 Qg8 24. Nxf6 Nxf6 25. Rxf6 Rd6 26. Rhf3 Rdxf6 27. Rxf6 Qe8 28. Qf2 Kg8 29. c3 Nc6 30. d4 exd4 31. cxd4 Qe7 32. Rxf7 Qxf7 33. Qe3 Qf6 34. e5 Qf7 35. e6 Qf5 36. Qf2 Qxf2+ 37. Kxf2 Nxd4 38. e7 Kf7 39. Bg5 Ne6 40. Be3 b5 41. Kf3 Kxe7 42. Ke4 Kd6 43. b3 b4 44. Bc1 Nc5+ 45. Kd4 Ne6+ 46. Ke4 c5 47. Kd3 Kd5 48. g3 b5 49. a3 c4+ 50. bxc4+ bxc4+ 51. Kc2 Nd4+ 52. Kd2 Nb3+ 0-1

[Event "Dortmund4"]
[Site "Dortmund"]
[Date "2003.04.30"]
[Round "7"]
[White "Vojdani, Bahram"]
[Black "Flierdl, Lothar"]
[Result "1-0"]
[WhiteElo "1617"]
[BlackElo "1640"]
[PlyCount "105"]
[EventDate "2003.03.28"]
[EventType "tourn"]
[EventRounds "11"]
[EventCountry "GER"]
[SourceTitle "EXT 2007"]
[Source "ChessBase"]
[SourceDate "2006.11.23"]
[SourceVersion "1"]
[SourceVersionDate "2006.11.23"]
[SourceQuality "1"]

1. e4 c5 2. Nf3 Nc6 3. d4 cxd4 4. Nxd4 e5 5. Nb3 d6 6. Nc3 Be6 7. Be2 a6 8. 0-0 Nf6 9. Bg5 Be7 10. Qd2 0-0 11. Rfd1 Bxb3 12. axb3 Nd4 13. Bxf6 Bxf6 14. Bc4 Bg5 15. Qd3 Rb8 16. Ne2 b5 17. Bd5 Nxe2+ 18. Qxe2 Qb6 19. Rd3 Rbc8 20. Rad1 Rc7 21. c4 g6 22. Qg4 Bf6 23. h4 Kg7 24. h5 Ra7 25. Rh3 g5 26. h6+ Kh8 27. Rf3 Bd8 28. Rf5 Qc7 29. Rd3 Qe7 30. Rdf3 Qe8 31. Qh5 f6 32. Qxg5 Qg6 33. Qh5 b4 34. Rg3 Qxh5 35. Rxh5 Re7 36. Rf5 Rc7 37. Rd3 Be7 38. Rg3 Bd8 39. Rd3 Be7 40. Rd1 a5 41. Ra1 Ra7 42. Rf3 Bd8 43. Rd3 Be7 44. Be6 Ra6 45. Rg3 Bd8 46. Rg7 Rc6 47. Rd7 Re8 48. Bf5 Rc7 49. Rxd6 Kg8 50. Rad1 Be7 51. Ra6 Rc5 52. Rd7 Kf7 53. Raa7 1-0

[Event "Dortmund4"]
[Site "Dortmund"]
[Date "2003.04.23"]
[Round "5"]
[White "Vojdani, Bahram"]
[Black "Wiemann, Peter"]
[Result "1/2-1/2"]
[WhiteElo "1617"]
[BlackElo "1568"]
[PlyCount "84"]
[EventDate "2003.03.28"]
[EventType "tourn"]
[EventRounds "11"]
[EventCountry "GER"]
[SourceTitle "EXT 2007"]
[Source "ChessBase"]
[SourceDate "2006.11.23"]
[SourceVersion "1"]
[SourceVersionDate "2006.11.23"]
[SourceQuality "1"]

1. e4 c5 2. Nf3 a6 3. d4 cxd4 4. Nxd4 Nf6 5. Nc3 e6 6. Bg5 Be7 7. Bd3 d6 8. 0-0 Nbd7 9. a4 Qa5 10. Be3 Qc7 11. Be2 Nc5 12. f3 0-0 13. Bf2 Rd8 14. Re1 b6 15. b4 Ncd7 16. Na2 Nf8 17. Bd3 Ng6 18. Qd2 d5 19. exd5 Nxd5 20. Ne2 Bb7 21. Bg3 Bd6 22. Bxd6 Rxd6 23. Qg5 Re8 24. Qc1 e5 25. Qb2 Rf6 26. Nec3 Ndf4 27. Be4 Rd8 28. Bxb7 Qxb7 29. Rad1 Rfd6 30. Rxd6 Rxd6 31. Ne4 Rd4 32. Nc1 Qd5 33. Nf2 Nh4 34. Ncd3 Nxf3+ 35. gxf3 Qxf3 36. Nxf4 Rxf4 37. c3 Rf6 38. Qd2 Rg6+ 39. Kf1 Qg2+ 40. Ke2 h6 41. Qd8+ Kh7 42. Qd3 Qxh2 1/2-1/2

[Event "Dortmund4"]
[Site "Dortmund"]
[Date "2003.04.09"]
[Round "3"]
[White "Vojdani, Bahram"]
[Black "Bratz, Thomas"]
[Result "0-1"]
[WhiteElo "1617"]
[BlackElo "1716"]
[PlyCount "107"]
[EventDate "2003.03.28"]
[EventType "tourn"]
[EventRounds "11"]
[EventCountry "GER"]
[SourceTitle "EXT 2007"]
[Source "ChessBase"]
[SourceDate "2006.11.23"]
[SourceVersion "1"]
[SourceVersionDate "2006.11.23"]
[SourceQuality "1"]

1. e4 e6 2. d4 d5 3. Nc3 Bb4 4. e5 c5 5. a3 Bxc3+ 6. bxc3 Ne7 7. Qg4 0-0 8. Bg5 Nd7 9. Qh4 f6 10. Bd3 Nf5 11. Bxf5 exf5 12. exf6 Nxf6 13. f3 Qb6 14. Kd2 Bd7 15. dxc5 Qxc5 16. Qd4 Qa5 17. Ne2 Rac8 18. Rhb1 Rc4 19. Qf2 d4 20. Kc1 dxc3 21. Rxb7 Qd5 22. Rb4 Ne4 23. Qe3 Nxg5 24. Nxc3 Qc5 25. Qxc5 Rxc5 26. Ne2 Rfc8 27. c3 Re8 28. Nd4 Rxc3+ 29. Kd2 Rec8 30. Rb7 R8c7 31. Rb8+ Kf7 32. Rab1 Rxa3 33. R8b7 Rac3 34. Rxc7 Rxc7 35. Rb4 g6 36. Rb2 Ne6 37. Ne2 a6 38. Rb8 Bb5 39. Nc3 Rd7+ 40. Kc2 Nd4+ 41. Kb2 Nc6 42. Rb6 Nd4 43. Rb8 Ke6 44. Re8+ Kd6 45. Re1 Kc5 46. Rc1 Kc4 47. Na2+ Kd5 48. Nc3+ Kc5 49. Re1 Bc4 50. Na4+ Kc6 51. Rc1 Kb5 52. Rxc4 Ne6 53. Kc3 Rd1 54. Rb4+ 0-1

[Event "Dortmund ABC Champions 18th"]
[Site "Dortmund"]
[Date "2002.10.11"]
[Round "1"]
[White "Grube, Joerg"]
[Black "Vojdani, Bahram"]
[Result "1-0"]
[WhiteElo "1834"]
[BlackElo "1635"]
[PlyCount "47"]
[EventDate "2002.10.11"]
[EventType "tourn"]
[EventRounds "9"]
[EventCountry "GER"]
[SourceTitle "EXT 2004"]
[Source "ChessBase"]
[SourceDate "2003.11.25"]
[SourceVersion "1"]
[SourceVersionDate "2003.11.25"]
[SourceQuality "1"]

1. e4 c5 2. Nf3 d6 3. d4 cxd4 4. Nxd4 Nf6 5. Nc3 a6 6. Bg5 e6 7. f4 Be7 8. Qf3 Nbd7 9. 0-0-0 Qc7 10. g4 Nb6 11. h4 Bd7 12. Bg2 Bc6 13. Nxc6 Qxc6 14. Qe2 Qc7 15. Rh3 h6 16. Bxf6 gxf6 17. f5 e5 18. Bf1 Qc6 19. Nd5 Nxd5 20. Rxd5 Rc8 21. Qd2 Qa4 22. Bd3 Qxa2 23. Ra5 Rxc2+ 24. Kxc2 1-0

[Event "Dortmund3"]
[Site "Dortmund"]
[Date "2002.05.29"]
[Round "10"]
[White "Vojdani, Bahram"]
[Black "Wassermann, Felix"]
[Result "1-0"]
[WhiteElo "1556"]
[BlackElo "1700"]
[PlyCount "120"]
[EventDate "2002.04.12"]
[EventType "tourn"]
[EventRounds "11"]
[EventCountry "GER"]
[SourceTitle "EXT 2007"]
[Source "ChessBase"]
[SourceDate "2006.11.23"]
[SourceVersion "1"]
[SourceVersionDate "2006.11.23"]
[SourceQuality "1"]

1. e4 e6 2. d4 d5 3. Nd2 Nf6 4. e5 Nfd7 5. Ngf3 c5 6. c3 Nc6 7. Be2 f6 8. Bb5 cxd4 9. cxd4 fxe5 10. dxe5 Qb6 11. Ba4 Bc5 12. 0-0 0-0 13. Qe2 Qc7 14. Bxc6 bxc6 15. Nb3 Be7 16. Nbd4 Nc5 17. Qc2 Ba6 18. Rd1 Qd7 19. Bg5 Rac8 20. Rac1 Bb7 21. Bxe7 Qxe7 22. Qxc5 Qf7 23. Rc2 g5 24. Nxg5 Qg6 25. Nh3 Rf7 26. Rc3 Kh8 27. Rg3 Qh5 28. Qc2 Qxe5 29. Re3 Qh5 30. Rde1 Rg8 31. Rg3 Re8 32. Qe2 Qxe2 33. Rxe2 e5 34. Nb3 Ba6 35. Rc2 Bb5 36. Nc5 e4 37. Rc1 d4 38. Re1 d3 39. Nxd3 Rd8 40. Nc1 Rd2 41. b3 Ba6 42. Rge3 Bc8 43. R3e2 Rd6 44. Rxe4 Bd7 45. R4e3 Rd2 46. R3e2 Rd6 47. Ng5 Rg7 48. Ne4 Rdg6 49. Ng3 Rd6 50. Nf1 Rdg6 51. g3 Rd6 52. Rd2 Rf6 53. Nd3 h5 54. Nc5 Bg4 55. Rd8+ Kh7 56. Rde8 Rff7 57. h4 Bf3 58. Nd3 Bd5 59. Ne3 a5 60. Nxd5 cxd5 1-0

[Event "Dortmund3"]
[Site "Dortmund"]
[Date "2002.05.24"]
[Round "9"]
[White "Zillich, Raimar"]
[Black "Vojdani, Bahram"]
[Result "1/2-1/2"]
[WhiteElo "1630"]
[BlackElo "1556"]
[PlyCount "80"]
[EventDate "2002.04.12"]
[EventType "tourn"]
[EventRounds "11"]
[EventCountry "GER"]
[SourceTitle "EXT 2007"]
[Source "ChessBase"]
[SourceDate "2006.11.23"]
[SourceVersion "1"]
[SourceVersionDate "2006.11.23"]
[SourceQuality "1"]

1. e4 c6 2. Nc3 d5 3. Nf3 dxe4 4. Nxe4 Nd7 5. d4 Ngf6 6. Ng3 e6 7. Bd3 Bd6 8. Qe2 c5 9. 0-0 0-0 10. c3 Re8 11. Qc2 cxd4 12. Nxd4 a6 13. Re1 Nc5 14. Be2 Bd7 15. Bf3 Rb8 16. Be3 Qc7 17. Rad1 Rbd8 18. c4 b6 19. b3 Nb7 20. Nde2 Bc6 21. Bxc6 Qxc6 22. Bg5 Be7 23. Nd4 Qc7 24. Qe2 Kh8 25. Qf3 h6 26. Be3 Bd6 27. Bxh6 Rd7 28. Be3 Rc8 29. Nde2 Rcd8 30. Nf4 Bc5 31. Rxd7 Rxd7 32. Ne4 Nxe4 33. Qxe4 Bxe3 34. Qxe3 Qc5 35. Qh3+ Kg8 36. Qg3 Qf5 37. Nh3 a5 38. Qg5 Qxg5 39. Nxg5 Rd2 40. Ra1 Nc5 1/2-1/2

[Event "Dortmund3"]
[Site "Dortmund"]
[Date "2002.05.10"]
[Round "6"]
[White "Nettbohl, Werner"]
[Black "Vojdani, Bahram"]
[Result "1/2-1/2"]
[WhiteElo "1556"]
[BlackElo "1556"]
[PlyCount "53"]
[EventDate "2002.04.12"]
[EventType "tourn"]
[EventRounds "11"]
[EventCountry "GER"]
[SourceTitle "EXT 2007"]
[Source "ChessBase"]
[SourceDate "2006.11.23"]
[SourceVersion "1"]
[SourceVersionDate "2006.11.23"]
[SourceQuality "1"]

1. e4 c5 2. b3 e5 3. Bb2 Nc6 4. Nf3 d6 5. Be2 Nf6 6. d3 Qa5+ 7. Bc3 Qc7 8. 0-0 Be7 9. Nbd2 0-0 10. Bb2 Be6 11. c3 d5 12. exd5 Nxd5 13. Qc2 Nf4 14. Ne4 Rad8 15. Rad1 Bd5 16. Bc1 Bxe4 17. dxe4 Nxe2+ 18. Qxe2 a6 19. Rd5 Bd6 20. Rfd1 Ne7 21. R5d2 Qb8 22. c4 Bc7 23. Bb2 f6 24. Nh4 Rxd2 25. Rxd2 Rd8 26. Qd1 Rxd2 27. Qxd2 1/2-1/2